[Event "España  ch sub-18 2006"]
[Site "Baños de Montemayor ESP"]
[Date "2006.07.10"]
[Round "4.1"]
[White "Garrido Dominguez, Jesus"]
[Black "Alsina Leal, Daniel"]
[Result "0-1"]
[WhiteElo "2341"]
[BlackElo "2428"]
[PlyCount "78"]
[EventDate "2006.07.08"]
[EventType "swiss"]
[EventRounds "9"]
[EventCountry "ESP"]
[Source "lmi"]
[SourceDate "2006.07.14"]

1. e4 e6 2. d4 d5 3. Nd2 Be7 4. Bd3 c5 5. dxc5 Nf6 6. Qe2 O-O 7. Ngf3 a5 8. O-O
Na6 9. e5 Nd7 10. c3 Naxc5 11. Bc2 b6 12. Rd1 Ba6 13. Qe3 f6 14. b4 fxe5 15.
bxc5 Bxc5 16. Qe1 Qe7 17. Nb3 Bd6 18. Bg5 Qf7 19. Be3 h6 20. Nfd2 Rac8 21. Ne4
Ba3 22. Qd2 Rc7 23. Ng3 Rfc8 24. Bd3 Bxd3 25. Qxd3 Rxc3 26. Qb5 R3c6 27. Qa4
Qe7 28. Bc1 Bd6 29. Qb5 Nf6 30. Bb2 Qd7 31. h3 Rc2 32. Qxd7 Nxd7 33. Rac1 R8c7
34. Rxc2 Rxc2 35. Rd2 Rc4 36. Re2 a4 37. Nd2 Rc8 38. Nf3 e4 39. Nd4 a3 0-1

[Event "España  ch sub-18 2006"]
[Site "Baños de Montemayor ESP"]
[Date "2006.07.10"]
[Round "4.2"]
[White "Lariño Nieto, David"]
[Black "Llorente Zaro, Alfonso"]
[Result "0-1"]
[WhiteElo "2371"]
[BlackElo "2367"]
[PlyCount "92"]
[EventDate "2006.07.08"]
[EventType "swiss"]
[EventRounds "9"]
[EventCountry "ESP"]
[Source "lmi"]
[SourceDate "2006.07.14"]

1. e4 d6 2. d4 Nf6 3. Nc3 e5 4. Nf3 Nbd7 5. Bc4 Be7 6. O-O O-O 7. Re1 c6 8. a4
a5 9. h3 exd4 10. Nxd4 Nc5 11. Bf4 Be6 12. Nxe6 fxe6 13. e5 Ne8 14. Be3 d5 15.
Be2 Nd7 16. Bh5 Nc7 17. Qe2 Nxe5 18. Bb6 Bd6 19. Qe3 Qe7 20. b3 Nd7 21. Bxc7
Bxc7 22. Qxe6+ Qxe6 23. Rxe6 Be5 24. Rxe5 Nxe5 25. Re1 Ng6 26. g3 Rfe8 27. Rd1
Re5 28. Be2 Rae8 29. Kf1 Nf8 30. Rd2 Nd7 31. Nd1 Nc5 32. f3 g5 33. Nf2 Kg7 34.
Bd1 R5e7 35. Rd4 Kg6 36. Kg2 h5 37. Rd2 Ne6 38. Nd3 h4 39. gxh4 Nf4+ 40. Kg3
Nxd3 41. Rxd3 gxh4+ 42. Kxh4 Kf5 43. f4 Re3 44. Bg4+ Kxf4 45. Rxe3 Rxe3 46. Kh5
Rc3 0-1

[Event "España  ch sub-18 2006"]
[Site "Baños de Montemayor ESP"]
[Date "2006.07.10"]
[Round "4.3"]
[White "Cortes Lizano, Jesus"]
[Black "Antoli Royo, Joaquin Miguel"]
[Result "1/2-1/2"]
[WhiteElo "2169"]
[BlackElo "2210"]
[PlyCount "137"]
[EventDate "2006.07.08"]
[EventType "swiss"]
[EventRounds "9"]
[EventCountry "ESP"]
[Source "lmi"]
[SourceDate "2006.07.14"]

1. c4 e5 2. Nc3 d6 3. g3 f5 4. Bg2 Nf6 5. d3 Be7 6. Nf3 O-O 7. O-O Qe8 8. c5
Na6 9. b4 Kh8 10. a3 c6 11. cxd6 Bxd6 12. e4 fxe4 13. dxe4 Bc7 14. Qc2 Be6 15.
Re1 Qh5 16. Nd1 Bb6 17. Be3 Ng4 18. Bxb6 axb6 19. h3 Rxf3 20. Bxf3 Qxh3 21. Ne3
Qh2+ 22. Kf1 Nxe3+ 23. Rxe3 b5 24. Rc3 Rf8 25. Ke2 Qh6 26. Kf1 Nc7 27. Qd1 Qf6
28. Qd2 Bc4+ 29. Kg1 Ne6 30. Bg2 Nd4 31. Re1 g5 32. f3 h5 33. f4 gxf4 34. gxf4
Qxf4 35. Qxf4 Rxf4 36. Kh2 h4 37. Ra1 Be6 38. Rf1 Rxf1 39. Bxf1 Kg7 40. Bh3 Bc4
41. Bc8 b6 42. Kh3 Bf1+ 43. Kxh4 Kh6 44. Bd7 Bc4 45. Rc1 Kg6 46. a4 Ne2 47. Rc2
Nd4 48. Rc3 Ne2 49. Rc2 Nd4 50. Rg2+ Kf7 51. a5 bxa5 52. bxa5 b4 53. Bc8 b3 54.
a6 Nb5 55. Kg5 Ke7 56. Bb7 Kd7 57. Kf5 Kc7 58. Kxe5 Bd3 59. Rb2 Bc2 60. Kf4 Nd6
61. e5 Nc4 62. Rxb3 Bxb3 63. e6 Nd6 64. Ke5 Ba4 65. a7 Nc4+ 66. Kd4 Kxb7 67.
Kxc4 Bd1 68. Kc5 Kxa7 69. Kd4 1/2-1/2

[Event "España  ch sub-18 2006"]
[Site "Baños de Montemayor ESP"]
[Date "2006.07.10"]
[Round "4.4"]
[White "Fidalgo Fernandez, Javier"]
[Black "Pena Gomez, Manuel"]
[Result "1/2-1/2"]
[WhiteElo "2225"]
[BlackElo "2337"]
[PlyCount "58"]
[EventDate "2006.07.08"]
[EventType "swiss"]
[EventRounds "9"]
[EventCountry "ESP"]
[Source "lmi"]
[SourceDate "2006.07.14"]

1. e4 c5 2. c3 Nf6 3. e5 Nd5 4. Nf3 d6 5. d4 cxd4 6. cxd4 e6 7. Bd3 Be7 8. O-O
Nc6 9. a3 O-O 10. Qe2 Qb6 11. Rd1 f5 12. exd6 Bxd6 13. Nc3 Bd7 14. Bc4 Nxc3 15.
Bxe6+ Kh8 16. bxc3 Rae8 17. d5 Bxe6 18. dxe6 Nd8 19. Be3 Qc7 20. Qd3 Rxe6 21.
h3 Nc6 22. Bd4 a6 23. a4 Na5 24. Re1 Rxe1+ 25. Rxe1 Nc6 26. Re6 Nxd4 27. Nxd4
Bc5 28. Re2 Qd6 29. Qc4 Bxd4 1/2-1/2

[Event "España  ch sub-18 2006"]
[Site "Baños de Montemayor ESP"]
[Date "2006.07.10"]
[Round "4.5"]
[White "Alonso Fernandez, Marcos"]
[Black "Tierraseca Montero, Pablo"]
[Result "1/2-1/2"]
[WhiteElo "2296"]
[BlackElo "2082"]
[PlyCount "107"]
[EventDate "2006.07.08"]
[EventType "swiss"]
[EventRounds "9"]
[EventCountry "ESP"]
[Source "lmi"]
[SourceDate "2006.07.14"]

1. d4 d5 2. c4 c6 3. Nc3 Nf6 4. e3 e6 5. Nf3 Be7 6. Qc2 O-O 7. b3 Nbd7 8. Be2
Qc7 9. O-O b6 10. Bb2 Bb7 11. Rac1 Rac8 12. Rfd1 Bd6 13. h3 a6 14. a3 c5 15.
cxd5 exd5 16. Qf5 h6 17. dxc5 bxc5 18. b4 Qd8 19. bxc5 Bxc5 20. Nd4 Qe7 21. Qb1
Bxa3 22. Bxa3 Qxa3 23. Qxb7 Rxc3 24. Rxc3 Qxc3 25. Qxa6 Ne5 26. Qd6 Re8 27. Bb5
Nc4 28. Qg3 Ne4 29. Qf4 Rf8 30. Bxc4 Qxc4 31. Nf5 Kh7 32. Qe5 Nf6 33. Rd4 Qc1+
34. Kh2 Qc6 35. Rh4 Qb6 36. Qe7 Qb8+ 37. g3 Kg6 38. Rf4 Qe8 39. Qd6 Qd8 40. Qe5
Re8 41. Qd4 Kh7 42. Rh4 Re6 43. Qf4 Qf8 44. Nd4 Re4 45. Qf5+ Kg8 46. Rxe4 dxe4
47. g4 Qd6+ 48. Kg2 g6 49. Qc8+ Kg7 50. Qb7 Qe5 51. Qb5 Nd5 52. Qd7 Nf6 53. Qb5
Nd5 54. Qd7 1/2-1/2

[Event "España  ch sub-18 2006"]
[Site "Baños de Montemayor ESP"]
[Date "2006.07.10"]
[Round "4.6"]
[White "Ivanovitch Balsinde, Nicolas"]
[Black "Valmaña Canto, Jaime"]
[Result "0-1"]
[WhiteElo "2140"]
[BlackElo "2284"]
[PlyCount "60"]
[EventDate "2006.07.08"]
[EventType "swiss"]
[EventRounds "9"]
[EventCountry "ESP"]
[Source "lmi"]
[SourceDate "2006.07.14"]

1. e4 c5 2. Nf3 Nc6 3. d4 cxd4 4. Nxd4 Nf6 5. Nc3 e5 6. Ndb5 d6 7. Bg5 a6 8.
Na3 b5 9. Nab1 Be6 10. a4 b4 11. Bxf6 gxf6 12. Nd5 Nd4 13. c3 Bxd5 14. exd5
bxc3 15. bxc3 Qa5 16. Bd3 Rg8 17. O-O Qxd5 18. f3 Nc6 19. Bxh7 Qc5+ 20. Kh1 Rh8
21. Be4 Rc8 22. Qd3 Ne7 23. Bb7 Rb8 24. Bxa6 Bh6 25. Bb5+ Kf8 26. Rd1 Bf4 27.
h3 Qf2 28. Bd7 f5 29. Bxf5 Nxf5 30. Qxf5 Rg8 0-1

[Event "España  ch sub-18 2006"]
[Site "Baños de Montemayor ESP"]
[Date "2006.07.10"]
[Round "4.7"]
[White "Perez Campos, Adria"]
[Black "Vallejo Diaz, Javier"]
[Result "1-0"]
[WhiteElo "2084"]
[BlackElo "2230"]
[PlyCount "63"]
[EventDate "2006.07.08"]
[EventType "swiss"]
[EventRounds "9"]
[EventCountry "ESP"]
[Source "lmi"]
[SourceDate "2006.07.14"]

1. c4 e5 2. Nc3 Nc6 3. g3 f5 4. e3 Nf6 5. d4 d6 6. Bg2 g6 7. Nge2 Bg7 8. a3 a5
9. Rb1 O-O 10. d5 Ne7 11. b4 axb4 12. axb4 h6 13. O-O g5 14. f4 Ng6 15. Qb3 Qe7
16. c5 exf4 17. exf4 Ng4 18. Kh1 Ne3 19. Bxe3 Qxe3 20. Rf3 Qe7 21. Re1 Kh7 22.
cxd6 cxd6 23. Rff1 Qf6 24. Nb5 Rf7 25. fxg5 hxg5 26. Nbd4 Ne5 27. Ne6 Bd7 28.
N2d4 Qg6 29. Qb1 Re8 30. Rxf5 Rxf5 31. Be4 Ref8 32. Nxf8+ 1-0

[Event "España  ch sub-18 2006"]
[Site "Baños de Montemayor ESP"]
[Date "2006.07.10"]
[Round "5.1"]
[White "Alsina Leal, Daniel"]
[Black "Llorente Zaro, Alfonso"]
[Result "1/2-1/2"]
[WhiteElo "2428"]
[BlackElo "2367"]
[PlyCount "93"]
[EventDate "2006.07.08"]
[EventType "swiss"]
[EventRounds "9"]
[EventCountry "ESP"]
[Source "lmi"]
[SourceDate "2006.07.14"]

1. e4 d6 2. d4 Nf6 3. Nc3 e5 4. Nf3 Nbd7 5. Bc4 Be7 6. O-O O-O 7. Re1 c6 8. a4
b6 9. d5 Bb7 10. b3 cxd5 11. Nxd5 Rc8 12. Re2 Nc5 13. Nxf6+ Bxf6 14. Bd5 Qd7
15. Ba3 Bxd5 16. Qxd5 Rfd8 17. Rd1 Ne6 18. Red2 Nd4 19. Nxd4 exd4 20. f4 Qe6
21. Qxe6 fxe6 22. Bxd6 Rxd6 23. e5 Rd5 24. exf6 gxf6 25. Rxd4 Rxd4 26. Rxd4
Rxc2 27. Rd7 Rb2 28. Rxa7 Rxb3 29. g3 Rb2 30. Re7 e5 31. fxe5 fxe5 32. Rxe5 Rb4
33. Rb5 Rxa4 34. Rxb6 Ra7 35. h4 Kg7 36. h5 h6 37. Kg2 Rc7 38. Rg6+ Kh7 39. Re6
Kg7 40. Kf3 Rb7 41. Kf4 Ra7 42. g4 Rb7 43. Kf5 Rb5+ 44. Re5 Rb7 45. Rd5 Rf7+
46. Ke5 Re7+ 47. Kf5 1/2-1/2

[Event "España  ch sub-18 2006"]
[Site "Baños de Montemayor ESP"]
[Date "2006.07.10"]
[Round "5.2"]
[White "Valmaña Canto, Jaime"]
[Black "Cortes Lizano, Jesus"]
[Result "1/2-1/2"]
[WhiteElo "2284"]
[BlackElo "2169"]
[PlyCount "89"]
[EventDate "2006.07.08"]
[EventType "swiss"]
[EventRounds "9"]
[EventCountry "ESP"]
[Source "lmi"]
[SourceDate "2006.07.14"]

1. e4 c5 2. Nf3 d6 3. d4 Nf6 4. Nc3 cxd4 5. Nxd4 a6 6. Be3 e6 7. g4 b5 8. g5
Nfd7 9. a3 Bb7 10. h4 Nc6 11. h5 Be7 12. Rg1 g6 13. Qd2 Rc8 14. Nxc6 Bxc6 15.
f4 Nc5 16. Bg2 a5 17. f5 b4 18. axb4 axb4 19. Nd5 Bxd5 20. exd5 exf5 21. Bh3
Nd7 22. Bd4 Ne5 23. Bxe5 dxe5 24. Ra6 Bd6 25. Qd3 Qd7 26. Rf1 e4 27. Qxe4+ fxe4
28. Bxd7+ Kxd7 29. Rxf7+ Ke8 30. Rf6 Bg3+ 31. Kd1 gxh5 32. Rae6+ Kd8 33. Rxe4
h4 34. Rh6 Rg8 35. Rxb4 Rxg5 36. c4 Rg7 37. Ke2 Kd7 38. Rb7+ Rc7 39. Rxc7+ Kxc7
40. b4 Rg4 41. Kd3 Be1 42. Rxh7+ Kd6 43. Rh6+ Kc7 44. b5 Bb4 45. c5 1/2-1/2

[Event "España  ch sub-18 2006"]
[Site "Baños de Montemayor ESP"]
[Date "2006.07.10"]
[Round "5.3"]
[White "Lariño Nieto, David"]
[Black "Perez Campos, Adria"]
[Result "1-0"]
[WhiteElo "2371"]
[BlackElo "2084"]
[PlyCount "53"]
[EventDate "2006.07.08"]
[EventType "swiss"]
[EventRounds "9"]
[EventCountry "ESP"]
[Source "lmi"]
[SourceDate "2006.07.14"]

1. e4 c5 2. Nc3 d6 3. g3 Nc6 4. Bg2 g6 5. d3 Bg7 6. f4 e6 7. Nf3 Nge7 8. O-O
O-O 9. Be3 Nd4 10. Bf2 Bd7 11. g4 f5 12. gxf5 exf5 13. Nxd4 cxd4 14. Ne2 Nc6
15. c3 fxe4 16. dxe4 Bg4 17. Qb3+ Kh8 18. Nxd4 Rxf4 19. Qxb7 Ne5 20. Nc6 Qf8
21. Nxe5 Bxe5 22. Bg3 Re8 23. Rxf4 Bxf4 24. Rf1 Be3+ 25. Kh1 Qh6 26. Bxd6 Be2
27. Be5+ 1-0

[Event "España  ch sub-18 2006"]
[Site "Baños de Montemayor ESP"]
[Date "2006.07.10"]
[Round "5.4"]
[White "Angulo Martinez, Jon"]
[Black "Aloma Vidal, Robert"]
[Result "1/2-1/2"]
[WhiteElo "2134"]
[BlackElo "2357"]
[PlyCount "109"]
[EventDate "2006.07.08"]
[EventType "swiss"]
[EventRounds "9"]
[EventCountry "ESP"]
[Source "lmi"]
[SourceDate "2006.07.14"]

1. e4 c5 2. Nf3 e6 3. d4 cxd4 4. Nxd4 a6 5. Bd3 Bc5 6. Ne2 Nc6 7. O-O Nge7 8.
c4 O-O 9. a3 f5 10. Nbc3 Ne5 11. b4 Ba7 12. c5 b6 13. cxb6 Bxb6 14. Na4 Ba7 15.
Bb2 Ng4 16. Bd4 Qc7 17. g3 Bxd4 18. Nxd4 Qd6 19. Nxf5 Nxf5 20. exf5 Nf6 21.
fxe6 Qxe6 22. Re1 Qf7 23. Nc5 d5 24. Qd2 Kh8 25. f4 Ng4 26. Be2 Nf6 27. Bf3 Bg4
28. Bg2 Qh5 29. Re5 Qh6 30. Rae1 Rad8 31. h4 Rd6 32. Ne6 Bxe6 33. Rxe6 Rxe6 34.
Rxe6 Qg6 35. Qe1 Qd3 36. Qe3 Qd1+ 37. Bf1 d4 38. Qe2 Qb3 39. Kg2 Qxa3 40. Qd2
Qb3 41. Rxa6 Ne4 42. Qd3 Qb2+ 43. Qe2 Qb1 44. Re6 Nf6 45. b5 Nd5 46. Re8 Qb4
47. Qe5 Nb6 48. Kg1 h6 49. Qxd4 Kg8 50. h5 Nc4 51. Qf2 Qxb5 52. Qf3 Qc5+ 53.
Kh2 Nb6 54. Qe2 Nd7 55. Qe6+ 1/2-1/2

[Event "España  ch sub-18 2006"]
[Site "Baños de Montemayor ESP"]
[Date "2006.07.10"]
[Round "5.5"]
[White "Antoli Royo, Joaquin Miguel"]
[Black "Ribes Peris, Alvaro"]
[Result "1-0"]
[WhiteElo "2210"]
[BlackElo "2060"]
[PlyCount "35"]
[EventDate "2006.07.08"]
[EventType "swiss"]
[EventRounds "9"]
[EventCountry "ESP"]
[Source "lmi"]
[SourceDate "2006.07.14"]

1. e4 c5 2. Nf3 d6 3. c3 Nf6 4. Be2 e6 5. O-O Be7 6. Re1 O-O 7. Bf1 b6 8. d4
Bb7 9. Nbd2 Nc6 10. a3 Nd7 11. b4 Bf6 12. Nc4 Qc7 13. Bf4 e5 14. Bg3 Ba6 15.
Ncxe5 Ndxe5 16. dxe5 Bxf1 17. exf6 Bc4 18. Bxd6 1-0

[Event "España  ch sub-18 2006"]
[Site "Baños de Montemayor ESP"]
[Date "2006.07.10"]
[Round "5.6"]
[White "Hidalgo Duque, Carlos"]
[Black "Garrido Dominguez, Jesus"]
[Result "0-1"]
[WhiteElo "2130"]
[BlackElo "2341"]
[PlyCount "134"]
[EventDate "2006.07.08"]
[EventType "swiss"]
[EventRounds "9"]
[EventCountry "ESP"]
[Source "lmi"]
[SourceDate "2006.07.14"]

1. d4 Nf6 2. c4 g6 3. Nc3 Bg7 4. e4 d6 5. Nf3 O-O 6. Be2 Na6 7. O-O e5 8. Re1
c6 9. Bf1 Bg4 10. Be3 Qe7 11. h3 Bc8 12. Qc2 Nh5 13. Rad1 Nc7 14. b4 b6 15.
dxe5 dxe5 16. c5 b5 17. Rd6 Bd7 18. Red1 Be8 19. a4 a6 20. Ra1 Nf4 21. g3 Nfe6
22. h4 f5 23. Bg5 Qf7 24. exf5 gxf5 25. axb5 cxb5 26. Bd2 h6 27. Qa2 e4 28. Ne1
Qg6 29. Ng2 Qf7 30. Rc1 Kh7 31. Nf4 Nd8 32. Qxf7 Nxf7 33. Rb6 Ne5 34. Be3 Bf7
35. Rb7 Rac8 36. Bh3 Bc4 37. Nce2 Nd3 38. Nxd3 exd3 39. Nd4 Bd5 40. Bxf5+ Rxf5
41. Rxc7 Rxc7 42. Nxf5 Bf3 43. Nxg7 Kxg7 44. Bd2 Kf6 45. Re1 h5 46. Re3 Be2 47.
f3 a5 48. bxa5 Rxc5 49. Kf2 Rc2 50. Rxe2 dxe2 51. Kxe2 b4 52. Kd1 b3 53. g4 Rc5
54. Bc1 Rd5+ 55. Ke2 Rxa5 56. Bb2+ Kg6 57. Kd3 Rc5 58. Bc3 Rc7 59. Kd2 Rc6 60.
Kd3 Rc8 61. Kd2 Rc4 62. Kd3 Rc8 63. Kd2 hxg4 64. fxg4 Rc4 65. h5+ Kg5 66. Kd3
Rxg4 67. Bd2+ Kxh5 0-1

[Event "España  ch sub-18 2006"]
[Site "Baños de Montemayor ESP"]
[Date "2006.07.10"]
[Round "5.7"]
[White "Pena Gomez, Manuel"]
[Black "Serrano Bozada, Esteban"]
[Result "1-0"]
[WhiteElo "2337"]
[BlackElo "2052"]
[PlyCount "121"]
[EventDate "2006.07.08"]
[EventType "swiss"]
[EventRounds "9"]
[EventCountry "ESP"]
[Source "lmi"]
[SourceDate "2006.07.14"]

1. c4 Nf6 2. Nc3 g6 3. g3 Bg7 4. Bg2 O-O 5. d3 e5 6. e3 c6 7. Nge2 d5 8. cxd5
cxd5 9. O-O Nc6 10. d4 e4 11. b3 Bg4 12. Ba3 Re8 13. h3 Bf5 14. g4 Be6 15. Nf4
Qa5 16. Bb2 g5 17. Nxe6 Rxe6 18. Na4 b6 19. Qe2 Qb4 20. Rac1 Qd6 21. a3 Ne7 22.
Nc3 a6 23. f4 exf3 24. Qxf3 Rd8 25. h4 Ng6 26. hxg5 Rxe3 27. Qxe3 Nxg4 28. Qh3
Bxd4+ 29. Kh1 Qd7 30. Rcd1 Nf2+ 31. Rxf2 Qxh3+ 32. Bxh3 Bxf2 33. Ne4 Bh4 34.
Nf6+ Kg7 35. Rxd5 Rxd5 36. Nxd5+ Kf8 37. Bc1 Bf2 38. Kg2 Bd4 39. Kf3 Ne7 40.
Nc7 a5 41. Ke4 Ba1 42. a4 Kg7 43. Na8 Nc6 44. Be3 f6 45. gxf6+ Kxf6 46. Nxb6 h5
47. Nd5+ Kf7 48. Nf4 h4 49. Ng2 Bf6 50. Bf2 Ke7 51. Nxh4 Kd6 52. Nf5+ Kc7 53.
Ne3 Bb2 54. Be1 Ba3 55. Nc4 Bb4 56. Bxb4 axb4 57. Kd5 Nd8 58. Kc5 Kb7 59. Bg2+
Ka7 60. Bd5 Kb8 61. Kd6 1-0

[Event "España  ch sub-18 2006"]
[Site "Baños de Montemayor ESP"]
[Date "2006.07.10"]
[Round "5.8"]
[White "Tierraseca Montero, Pablo"]
[Black "Pallardo Lozoya, Jose Vicente"]
[Result "1/2-1/2"]
[WhiteElo "2082"]
[BlackElo "2323"]
[PlyCount "34"]
[EventDate "2006.07.08"]
[EventType "swiss"]
[EventRounds "9"]
[EventCountry "ESP"]
[Source "lmi"]
[SourceDate "2006.07.14"]

1. c4 c5 2. Nc3 Nc6 3. Nf3 g6 4. d4 cxd4 5. Nxd4 Bg7 6. e3 Nf6 7. Be2 O-O 8.
O-O d6 9. b3 Bd7 10. Bb2 a6 11. a4 Rb8 12. Rc1 Qb6 13. Ba3 Rfd8 14. Bf3 Ne5 15.
Be2 Rbc8 16. h3 Be8 17. Kh1 Qa7 1/2-1/2

[Event "España  ch sub-18 2006"]
[Site "Baños de Montemayor ESP"]
[Date "2006.07.11"]
[Round "6.1"]
[White "Pena Gomez, Manuel"]
[Black "Alsina Leal, Daniel"]
[Result "1/2-1/2"]
[WhiteElo "2337"]
[BlackElo "2428"]
[PlyCount "51"]
[EventDate "2006.07.08"]
[EventType "swiss"]
[EventRounds "9"]
[EventCountry "ESP"]
[Source "lmi"]
[SourceDate "2006.07.14"]

1. c4 c5 2. Nc3 Nf6 3. Nf3 e6 4. e3 d5 5. cxd5 exd5 6. Bb5+ Bd7 7. Bxd7+ Nbxd7
8. O-O Be7 9. d3 O-O 10. Qb3 Nb6 11. Ne2 Qc8 12. Ng3 Rd8 13. Bd2 c4 14. Qc2
cxd3 15. Qxd3 Qc4 16. Qb1 Ne4 17. Rc1 Nxd2 18. Nxd2 Qb4 19. Nb3 Nc4 20. Nd4 g6
21. b3 Na3 22. Qd3 Bf6 23. Nge2 a6 24. Rd1 Nb5 25. Rac1 Nxd4 26. Nxd4 1/2-1/2

[Event "España  ch sub-18 2006"]
[Site "Baños de Montemayor ESP"]
[Date "2006.07.11"]
[Round "6.2"]
[White "Llorente Zaro, Alfonso"]
[Black "Huerga Leache, Mikel"]
[Result "1/2-1/2"]
[WhiteElo "2367"]
[BlackElo "2310"]
[PlyCount "29"]
[EventDate "2006.07.08"]
[EventType "swiss"]
[EventRounds "9"]
[EventCountry "ESP"]
[Source "lmi"]
[SourceDate "2006.07.14"]

1. Nf3 Nf6 2. g3 c5 3. Bg2 Nc6 4. O-O d5 5. c4 g6 6. cxd5 Nxd5 7. d4 cxd4 8.
Nxd4 Bg7 9. Nxc6 bxc6 10. Nc3 Nxc3 11. Qxd8+ Kxd8 12. bxc3 Kc7 13. Ba3 e5 14.
Rfd1 Bf8 15. Bxf8 1/2-1/2

[Event "España  ch sub-18 2006"]
[Site "Baños de Montemayor ESP"]
[Date "2006.07.11"]
[Round "6.3"]
[White "Cortes Lizano, Jesus"]
[Black "Lariño Nieto, David"]
[Result "1-0"]
[WhiteElo "2169"]
[BlackElo "2371"]
[PlyCount "85"]
[EventDate "2006.07.08"]
[EventType "swiss"]
[EventRounds "9"]
[EventCountry "ESP"]
[Source "lmi"]
[SourceDate "2006.07.14"]

1. c4 Nf6 2. Nf3 c5 3. g3 Nc6 4. Bg2 g6 5. O-O Bg7 6. Nc3 O-O 7. d4 cxd4 8.
Nxd4 Nxd4 9. Qxd4 d6 10. Qd3 Nd7 11. b3 Nc5 12. Qd2 a5 13. Ba3 Be6 14. Rac1 h5
15. Rfd1 Qb8 16. Nd5 Re8 17. Nf4 Bf5 18. Qd5 e5 19. Nh3 Bh6 20. Rc3 Qc8 21. Rf3
Be6 22. Qxd6 Bf8 23. Qxe5 Nd7 24. Qb2 Bg7 25. Qc1 Ne5 26. Nf4 Nxf3+ 27. Bxf3
Bg4 28. Nd5 Qb8 29. Bxg4 hxg4 30. Ne7+ Kh7 31. Bd6 Qd8 32. Qg5 Ra6 33. c5 Qd7
34. Rd3 Qe6 35. Qh4+ Bh6 36. Re3 Qd7 37. Qf6 Rf8 38. Nxg6 Re8 39. Ne7 Rg8 40.
Re5 Bg5 41. Rxg5 Rxg5 42. Qxg5 Qe8 43. Nf5 1-0

[Event "España  ch sub-18 2006"]
[Site "Baños de Montemayor ESP"]
[Date "2006.07.11"]
[Round "6.4"]
[White "Claros Egea, Christian"]
[Black "Antoli Royo, Joaquin Miguel"]
[Result "1-0"]
[WhiteElo "2228"]
[BlackElo "2210"]
[PlyCount "69"]
[EventDate "2006.07.08"]
[EventType "swiss"]
[EventRounds "9"]
[EventCountry "ESP"]
[Source "lmi"]
[SourceDate "2006.07.14"]

1. e4 c5 2. Nf3 d6 3. c3 Nf6 4. h3 Nbd7 5. Bd3 b6 6. O-O Bb7 7. Re1 Qc7 8. b3
e6 9. Bb2 Be7 10. Bc2 Rc8 11. Na3 O-O 12. Rc1 Qb8 13. d4 Rfd8 14. Nd2 e5 15. d5
Nf8 16. g3 Ng6 17. Rf1 h5 18. f4 Ba6 19. c4 h4 20. f5 Nf8 21. gxh4 Rd7 22. Kh2
Qc7 23. Rg1 Qd8 24. Nf3 Ne8 25. Qe1 Nh7 26. Bd1 Kf8 27. Qg3 Rb7 28. Be2 Qd7 29.
Rg2 Ra8 30. Rcg1 Bd8 31. Bc1 Nhf6 32. Ng5 Ke7 33. h5 Bc7 34. Qh4 Kd8 35. Nh7
1-0

[Event "España  ch sub-18 2006"]
[Site "Baños de Montemayor ESP"]
[Date "2006.07.11"]
[Round "6.5"]
[White "Garrido Dominguez, Jesus"]
[Black "Fernandez Borrego, Pablo"]
[Result "1-0"]
[WhiteElo "2341"]
[BlackElo "2037"]
[PlyCount "55"]
[EventDate "2006.07.08"]
[EventType "swiss"]
[EventRounds "9"]
[EventCountry "ESP"]
[Source "lmi"]
[SourceDate "2006.07.14"]

1. e4 c5 2. Nf3 e6 3. Nc3 a6 4. d4 cxd4 5. Nxd4 Qc7 6. Bd3 Nf6 7. O-O Nc6 8.
Be3 b5 9. Nxc6 dxc6 10. a4 b4 11. Nb1 h5 12. h3 Be7 13. Nd2 g5 14. Nc4 g4 15.
e5 Nd5 16. hxg4 hxg4 17. Qxg4 Bb7 18. a5 O-O-O 19. Bb6 Nxb6 20. axb6 Qb8 21.
Qf3 Rd4 22. Rfd1 Rdh4 23. Kf1 R8h5 24. Qxf7 Rh1+ 25. Ke2 Rxe5+ 26. Ne3 Rh2 27.
Qe8+ Bd8 28. Be4 1-0

[Event "España  ch sub-18 2006"]
[Site "Baños de Montemayor ESP"]
[Date "2006.07.11"]
[Round "6.7"]
[White "Aloma Vidal, Robert"]
[Black "Tierraseca Montero, Pablo"]
[Result "1-0"]
[WhiteElo "2357"]
[BlackElo "2082"]
[PlyCount "35"]
[EventDate "2006.07.08"]
[EventType "swiss"]
[EventRounds "9"]
[EventCountry "ESP"]
[Source "lmi"]
[SourceDate "2006.07.14"]

1. d4 d5 2. c4 c6 3. Nf3 Nf6 4. e3 e6 5. Nbd2 Be7 6. Bd3 O-O 7. O-O Nbd7 8. b3
b6 9. Bb2 Bb7 10. Re1 Rc8 11. Qe2 c5 12. Rad1 Qc7 13. Ne5 Rfd8 14. Nxd7 Rxd7
15. cxd5 Nxd5 16. dxc5 bxc5 17. Ne4 f5 18. Ng3 1-0

[Event "España  ch sub-18 2006"]
[Site "Baños de Montemayor ESP"]
[Date "2006.07.11"]
[Round "6.8"]
[White "Pallardo Lozoya, Jose Vicente"]
[Black "Gonzalez Merino, Alberto"]
[Result "1-0"]
[WhiteElo "2323"]
[BlackElo "2030"]
[PlyCount "73"]
[EventDate "2006.07.08"]
[EventType "swiss"]
[EventRounds "9"]
[EventCountry "ESP"]
[Source "lmi"]
[SourceDate "2006.07.14"]

1. e4 e6 2. Nf3 d5 3. e5 Be7 4. a3 a5 5. d4 c5 6. dxc5 Bxc5 7. Bd3 Ne7 8. Nc3
Ng6 9. Qe2 Nc6 10. Nb5 O-O 11. Bg5 f6 12. exf6 gxf6 13. Bh6 Rf7 14. O-O-O Nce5
15. Nxe5 Nxe5 16. f4 Nxd3+ 17. Rxd3 Bf8 18. Bxf8 Qxf8 19. Re1 Ra6 20. Nd4 Qh6
21. Qd2 Rg7 22. Rh3 Qg6 23. f5 Qf7 24. fxe6 Bxe6 25. Rhe3 Bd7 26. Nf5 Bxf5 27.
Re8+ Qxe8 28. Rxe8+ Kf7 29. Rb8 Kg6 30. Qxd5 Rc6 31. c3 Be6 32. Qe4+ Bf5 33.
Qe8+ Kh6 34. Qe3+ Kg6 35. Qg3+ Kh6 36. Qh4+ Kg6 37. g4 1-0

[Event "España  ch sub-18 2006"]
[Site "Baños de Montemayor ESP"]
[Date "2006.07.12"]
[Round "7.1"]
[White "Alsina Leal, Daniel"]
[Black "Claros Egea, Christian"]
[Result "1-0"]
[WhiteElo "2428"]
[BlackElo "2228"]
[PlyCount "55"]
[EventDate "2006.07.08"]
[EventType "swiss"]
[EventRounds "9"]
[EventCountry "ESP"]
[Source "lmi"]
[SourceDate "2006.07.14"]

1. d4 d5 2. c4 c6 3. Nf3 e6 4. e3 Nf6 5. Nbd2 Nbd7 6. Bd3 Bd6 7. e4 dxe4 8.
Nxe4 Nxe4 9. Bxe4 f5 10. Bc2 Nf6 11. O-O O-O 12. Re1 h6 13. Bd2 b6 14. Bc3 Qc7
15. Ne5 Bxe5 16. dxe5 Ne8 17. Qd3 Rf7 18. Rad1 Qe7 19. Rd2 Bb7 20. Red1 Rc8 21.
Qg3 Rc7 22. Qg6 Bc8 23. Ba4 Rf8 24. Rd8 Qf7 25. Qxf7+ Kxf7 26. Bb4 c5 27. Bc3
Ke7 28. Rxc8 1-0